Normal view
MARC view
- الفرق الاسلامية
Entry Topical Term
001 - CONTROL NUMBER
- control field: 41140
003 - CONTROL NUMBER IDENTIFIER
- control field: JO-AjAnu
005 - DATE AND TIME OF LATEST TRANSACTION
- control field: 20230606080832.0
008 - FIXED-LENGTH DATA ELEMENTS
- fixed length control field: 230606|| aca||aabn | a|a d
040 ## - CATALOGING SOURCE
- Original cataloging agency: JO-AjAnu
- Transcribing agency: JO-AjAnu
150 ## - HEADING--TOPICAL TERM
- Topical term or geographic name entry element: الفرق الاسلامية
670 ## - SOURCE DATA FOUND
- Source citation: Work cat.: (JO-AjAnu)21084: الحنبلي، أبي الفضل عباس بن منصور ؛ تحقيق بسام علي سلامة العموش, author 41139, البرهان في معرفة عقائد أهل الأديان